1910 Population de 4 villes américaines - Statistiques

Statistiques générales
  • Ce quiz a été pris 12 fois
  • Le résultat moyen est 4 sur 17
Statistiques - réponses
Hint % Réponse % Correct
Baltimore 33 Allemagne
73%
Baltimore 9 Irlande
45%
New York 13 Irlande
45%
New York 18 Italie
45%
Chicago 23 Allemagne
36%
Milwaukee 58 Allemagne
36%
New York 14 Allemagne
36%
Chicago 8 Irlande
36%
Baltimore 32 Russie
18%
Chicago 16 Russie
9%
Milwaukee 15 Russie
9%
New York 25 Russie
9%
Baltimore 10 Autriche-Hongrie
0%
Chicago 32 Autriche-Hongrie
0%
Milwaukee 15 Autriche-Hongrie
0%
New York 14 Autriche-Hongrie
0%
Chicago 8 Suède
0%
Aucun quiz correspondant
Distribution des résultats
% des personnes avec chaque résultat
Percentile par nombre de réponses
Votre historique - résultats
Vous n’avez pas pris ce quiz